Ο γενναιόδωρος ερωτευμένος Μιγκέλ ντε Θερβάντες Σααβέδρα ; εισαγωγή, μετάφραση και σχόλια : Μόσχος Μορφακίδης - Φυλακτός.

Αποθηκεύτηκε σε:
Λεπτομέρειες βιβλιογραφικής εγγραφής
Κύριος συγγραφέας: Cervantes Saavedra, Miguel de, 1547-1616
Συγγραφή απο Οργανισμό/Αρχή: Centro de Estudios Bizantinos Neogriegos y Chipriotas
Άλλοι συγγραφείς: Μορφακίδης-Φυλακτός, Μόσχος (Μεταφραστής)
Μορφή: Βιβλίο
Γλώσσα:Greek
Spanish
Δημοσίευση: Granada : Centro de Estudios Bizantinos Neogriegos y Chipriotas, 2017.
Σειρά:Biblioteca Espanola
Θέματα:
Ετικέτες: Προσθήκη ετικέτας
Δεν υπάρχουν, Καταχωρήστε ετικέτα πρώτοι!

MARC

LEADER 00000cam a2200000 a 4500
001 1/116876
008 180622syyyy####sp | ||| |||| ||gre||
020 |a 9788495905819 
040 |a GR-MyUa  |b gre  |c GR-MyUa  |e AACR2 
041 1 |a gre  |h spa 
082 7 |a 860.9003   |2 (23) 
100 1 |a Cervantes Saavedra, Miguel de,   |d 1547-1616. 
245 1 2 |a Ο γενναιόδωρος ερωτευμένος /   |b Μιγκέλ ντε Θερβάντες Σααβέδρα ; εισαγωγή, μετάφραση και σχόλια : Μόσχος Μορφακίδης - Φυλακτός.  
260 |a Granada :   |b Centro de Estudios Bizantinos Neogriegos y Chipriotas,   |c 2017.  
300 |a 105 σ. :   |b εικ. ;   |c 21 εκ.  
490 1 |a (Biblioteca Espanola) 
500 |a Μετάφραση του: El amante liberal.  
500 |a Περιέχει υποσημειώσεις.  
504 |a Βιβλιογραφία: σ. 99-105.  
504 |a Περιλαμβάνει βιβλιογραφικές παραπομπές.  
650 0 |a Spanish literature  |x History and criticism. 
650 0 |a Spanish fiction. 
700 1 |a Μορφακίδης-Φυλακτός, Μόσχος,  |e trl 
710 2 |a Centro de Estudios Bizantinos Neogriegos y Chipriotas. 
830 0 |a Biblioteca Espanola 
852 |a INST  |b RHODES  |e 20180622  |h 860.9003 CER  |p 005400040051  |q 005400040051  |t BK  |y 0 
970 |a Κωτάκου  |b Μαρία  |z 22-06-2018